Discovering statistics using IBM SPSS statistics : (Record no. 18383)
[ view plain ]
| 000 -LEADER | |
|---|---|
| fixed length control field | 01001cam a2200289 i 4500 |
| 001 - CONTROL NUMBER | |
| control field | 17389146 |
| 005 - DATE AND TIME OF LATEST TRANSACTION | |
| control field | 20140916133742.0 |
| 008 - FIXED-LENGTH DATA ELEMENTS--GENERAL INFORMATION | |
| fixed length control field | 120717t2013 xxka frb 001 0 eng d |
| 010 ## - LIBRARY OF CONGRESS CONTROL NUMBER | |
| LC control number | 2012944559 |
| 020 ## - INTERNATIONAL STANDARD BOOK NUMBER | |
| International Standard Book Number | 9781446249178 (Cloth) |
| 020 ## - INTERNATIONAL STANDARD BOOK NUMBER | |
| International Standard Book Number | 9781446249185 (pbk) |
| 040 ## - CATALOGING SOURCE | |
| Original cataloging agency | DLC |
| Language of cataloging | eng |
| Description conventions | rda |
| Transcribing agency | DLC |
| Modifying agency | EG-ScBUE |
| 082 00 - DEWEY DECIMAL CLASSIFICATION NUMBER | |
| Edition number | 22 |
| Classification number | 005.55 |
| Item number | FIE |
| 100 1# - MAIN ENTRY--PERSONAL NAME | |
| Personal name | Field, Andy P. |
| 9 (RLIN) | 36072 |
| 240 10 - UNIFORM TITLE | |
| Uniform title | <a href="Discovering statistics using SPSS">Discovering statistics using SPSS</a> |
| 245 10 - TITLE STATEMENT | |
| Title | Discovering statistics using IBM SPSS statistics : |
| Remainder of title | and sex and drugs and rock 'n' roll / |
| Statement of responsibility, etc | Andy Field. |
| 250 ## - EDITION STATEMENT | |
| Edition statement | 4th ed. |
| 260 ## - PUBLICATION, DISTRIBUTION, ETC. (IMPRINT) | |
| Place of publication, distribution, etc | London : |
| Name of publisher, distributor, etc | Sage, |
| Date of publication, distribution, etc | c.2013 |
| Place of manufacture | ([Berlin] : |
| Manufacturer | Mohn Media Mohndruck Gmbh) |
| 300 ## - PHYSICAL DESCRIPTION | |
| Extent | xxxvi, 915 p. : |
| Other physical details | ill. (col.) ; |
| Dimensions | 28 cm. |
| 500 ## - GENERAL NOTE | |
| General note | Index : p. 908-915. |
| 504 ## - BIBLIOGRAPHY, ETC. NOTE | |
| Bibliography, etc | Bibliography : p. 899-907. |
| 630 00 - SUBJECT ADDED ENTRY--UNIFORM TITLE | |
| Uniform title | SPSS for Windows |
| 9 (RLIN) | 4287 |
| 650 #0 - SUBJECT ADDED ENTRY--TOPICAL TERM | |
| Topical term or geographic name as entry element | Social sciences |
| General subdivision | Statistical methods |
| -- | Computer programs |
| 9 (RLIN) | 9573 |
| 653 ## - INDEX TERM--UNCONTROLLED | |
| Resource For college | Pharmacy |
| Arrived date list | September2014 |
| 655 ## - INDEX TERM--GENRE/FORM | |
| Form subdivision | |
| -- | 33728 |
| 942 ## - ADDED ENTRY ELEMENTS (KOHA) | |
| Source of classification or shelving scheme | Dewey Decimal Classification |
| Call number prefix | 005.55 FIE |
| Withdrawn status | Item status | Source of classification or shelving scheme | Damaged status | Not for loan | Vendor | Home library | Current library | Shelving location | Date acquired | Source of acquisition | Cost, normal purchase price | Total Checkouts | Full call number | Barcode | Date last seen | Cost, replacement price | Koha item type | Total Renewals | Date last borrowed | Checked out |
|---|---|---|---|---|---|---|---|---|---|---|---|---|---|---|---|---|---|---|---|---|
| Dewey Decimal Classification | Baccah | Central Library | Central Library | Lower Floor | 16/09/2014 | Purchase | 260.00 | 005.55 FIE | 000036124 | 15/07/2025 | 325.00 | NB - Book (Non borrowing) | ||||||||
| Dewey Decimal Classification | Baccah | Central Library | Central Library | Lower Floor | 16/09/2014 | Purchase | 260.00 | 005.55 FIE | 000036125 | 15/07/2025 | 325.00 | Book - Borrowing | ||||||||
| Dewey Decimal Classification | Baccah | Central Library | Central Library | Lower Floor | 16/09/2014 | Purchase | 260.00 | 005.55 FIE | 000036126 | 15/07/2025 | 325.00 | Book - Borrowing | ||||||||
| Dewey Decimal Classification | Baccah | Central Library | Central Library | Lower Floor | 16/09/2014 | Purchase | 1 | 005.55 FIE | 000036127 | 15/07/2025 | Book - Borrowing | 1 | 19/03/2017 | |||||||
| Dewey Decimal Classification | Baccah | Central Library | Central Library | Lower Floor | 16/09/2014 | Purchase | 005.55 FIE | 000036128 | 15/07/2025 | Book - Borrowing | ||||||||||
| Dewey Decimal Classification | Baccah | Central Library | Central Library | Lower Floor | 16/09/2014 | Purchase | 2 | 005.55 FIE | 000036129 | 15/07/2025 | Book - Borrowing | 13/06/2019 | ||||||||
| Dewey Decimal Classification | Baccah | Central Library | Central Library | Lower Floor | 16/09/2014 | Purchase | 5 | 005.55 FIE | 000036130 | 05/08/2018 | Book - Borrowing | 1 | 05/08/2018 | 24/09/2018 | ||||||
| Dewey Decimal Classification | Baccah | Central Library | Central Library | Lower Floor | 16/09/2014 | Purchase | 1 | 005.55 FIE | 000036131 | 15/07/2025 | Book - Borrowing | 19/10/2014 | ||||||||
| Dewey Decimal Classification | Baccah | Central Library | Central Library | Lower Floor | 16/09/2014 | Purchase | 1 | 005.55 FIE | 000036132 | 15/07/2025 | Book - Borrowing | 1 | 04/04/2016 | |||||||
| Dewey Decimal Classification | Baccah | Central Library | Central Library | Lower Floor | 16/09/2014 | Purchase | 005.55 FIE | 000036133 | 15/07/2025 | Book - Borrowing |